20 Bands on F - Statistics

General Stats
  • This quiz has been taken 16 times
    5 since last reset
  • The average score is 4 of 20
Answer Stats
Answer % Correct
Foo Fighters
100%
Fleetwood Mac
60%
Franz Ferdinand
60%
Fanny
40%
Family
20%
First Aid Kit
20%
Five
20%
Florence and the Machine
20%
the Faces
20%
the Four Seasons
20%
the Four Tops
20%
the Franklys
20%
Family Four
0%
Femme Fatale
0%
Fool's Garden
0%
Friends
0%
Fugees
0%
Fu Manchu
0%
the Fall
0%
the Flamingos
0%
No matching quizzes found
Score Distribution
Percent of People with Each Score
Percentile by Number Answered
Your Score History
You have not taken this quiz since the last reset